1688. La primera revolución moderna

Tallennettuna:
Bibliografiset tiedot
Päätekijä: Pincus, Steve (autor)
Muut tekijät: Luengo, Agustina (traductora)
Aineistotyyppi: Kirja
Kieli:englanti
espanja
Julkaistu: Barcelona, España Acantilado 2013
Painos:Primera edición
Sarja:El acantilado, 273
Aiheet:
Tagit: Lisää tagi
Ei tageja, Lisää ensimmäinen tagi!

MARC

LEADER 00000nam a22000007a 4500
003 CL-VaPUC
005 20210730145002.0
008 210610b ||||| |||| 00| 0 eng d
999 |c 433082  |d 433080 
020 |a 9788415689553 
040 |c Pontificia Universidad Católica de Valparaíso 
041 0 |a spa 
082 0 4 |2 21  |a 941.067 PIN 2013 
100 1 |a Pincus, Steve  |e autor  |9 861338 
245 1 0 |a 1688.  |b  La primera revolución moderna 
250 |a Primera edición 
260 3 |a Barcelona, España  |b Acantilado  |c 2013 
300 |a 1214 páginas 
490 |a El acantilado,   |v 273 
500 |a Donación VRA N. Vásquez L. 
583 |c 20210610  |k Daniel Castañeda 
650 0 0 |a Historia de Inglaterra  |y Revolución de 1688  |z Gran Bretaña  |9 376029 
650 0 0 |a Historiografía  |9 257871 
700 1 |a Luengo, Agustina  |e traductora  |9 861339 
942 |2 ddc  |c BK 
952 |0 0  |1 0  |2 ddc  |4 0  |6 941_067000000000000_PIN_2013  |7 0  |8 A  |9 578095  |a BIBHIS  |b BIBHIS  |d 2021-06-10  |i 5622085  |l 1  |o 941.067 PIN 2013  |p 5622085  |r 2025-01-20  |s 2022-09-07  |t 1  |w 2021-06-10  |y BK  |k HIS